| 000 | 00535nam a2200193Ia 4500 | ||
|---|---|---|---|
| 999 |
_c8988 _d8988 |
||
| 003 | OSt | ||
| 005 | 20201006103629.0 | ||
| 008 | 190216s9999||||xx |||||||||||||| ||und|| | ||
| 020 | _a9788131721896 | ||
| 040 | _coclc | ||
| 082 |
_a005.133 _bDEI/H |
||
| 100 |
_aDeitel, P J _95342 |
||
| 245 | 0 |
_aHow To Program C++ / _cP J Deitel ; H M Deitel |
|
| 250 | _a6th Ed. | ||
| 260 |
_bPearson Education Asia, _aNew Delhi: |
||
| 300 | _a1331p | ||
| 650 | _aComputer | ||
| 942 |
_cBK _2ddc _h005.133 _iDEI/H _k005.133 _mDEI/H |
||